MARC

LEADER 00000nam0a2200000 4500
001 220399
005 20231101230331.0
010 |a 1899888209 
035 |a (RuTPU)RU\TPU\book\240522 
035 |a RU\TPU\book\240519 
090 |a 220399 
100 |a 20120823d1998 m y0engy50 ba 
101 0 |a eng 
102 |a GB 
105 |a a z 000ay 
200 1 |a Murder on the Orient Express  |f A. Christie 
210 |a London  |c Chancerel  |d 1998 
215 |a 65 p.  |c il. 
225 1 |a Detective English  |e pre-intermediate level 
453 1 |0 (RuTPU)RU\TPU\book\93308  |y 5-7458-0283-9  |t Убийство в Восточном экспрессе  |o пер. с англ.  |f А. Кристи  |c Воронеж  |n Центрально-Черноземное книжное изд-во  |d 1991  |p 512 с.  |a Кристи, Агата 
606 1 |a Английский язык  |x Учебные руководства и пособия  |x Хрестоматии, книги для чтения  |2 stltpush  |3 (RuTPU)RU\TPU\subj\29075  |9 52487 
610 1 |a английская литература 
610 1 |a английская проза 
610 1 |a детективы 
610 1 |a домашнее чтение 
610 1 |a английский язык 
686 |a Ш143.21-923.8  |v LBC/SL-A  |2 rubbk 
700 1 |a Christie  |b A.  |g Agatha 
801 1 |a RU  |b 63413507  |c 20120823 
801 2 |a RU  |b 63413507  |c 20120925  |g RCR 
942 |c BK